México y sus alrededores (Record no. 10740)

MARC details
000 -CABECERA
campo de control de longitud fija 00989nam a2200253 a 4500
001 - NÚMERO DE CONTROL
campo de control BRL_1932
005 - FECHA Y HORA DE LA ÚLTIMA TRANSACCIÓN
campo de control 20190320211436.0
008 - DATOS DE LONGITUD FIJA--INFORMACIÓN GENERAL
campo de control de longitud fija 190815s1961----mx-a######---#000-0#spa-#
041 ## - CÓDIGO DE LENGUA
Código de lengua del texto/banda sonora o título independiente spa
044 ## - CÓDIGO DEL PAÍS DE LA ENTIDAD EDITORA/PRODUCTORA
Código MARC del país mx
050 #4 - SIGNATURA TOPOGRÁFICA DE LA BIBLIOTECA DEL CONGRESO
Número de clasificación F1386
Número de documento/Ítem .M49 1961
245 10 - MENCIÓN DE TÍTULO
Título México y sus alrededores
Mención de responsabilidad, etc. C. Castro ... [et al.] ; dirección de la reproducción facsimilar, de M. Quesada Brandi ; prefacio, de Artemio de Valle-Arizpe.
260 ## - PUBLICACIÓN, DISTRIBUCIÓN, ETC.
Lugar de publicación, distribución, etc. México
Nombre del editor, distribuidor, etc. Microprotecsa
Fecha de publicación, distribución, etc. 1961
300 ## - DESCRIPCIÓN FÍSICA
Extensión 37 p., [37] láms.
Otras características físicas il., láminas
Dimensiones 44 cm.
500 ## - NOTA GENERAL
Nota general Au1030
500 ## - NOTA GENERAL
Nota general La edición original fue realizada por los Establecimientos Litográficos de Decaen editor en México, 1855-1856
500 ## - NOTA GENERAL
Nota general Estado físico: Tiene el lomo desprendido y le falta un pedazo.
651 #4 - PUNTO DE ACCESO ADICIONAL DE MATERIA--NOMBRE GEOGRÁFICO
Nombre geográfico Ciudad de México
Subdivisión general Descripción y viajes
9 (RLIN) 2418
700 1# - PUNTO DE ACCESO ADICIONAL--NOMBRE DE PERSONA
Nombre de persona Castro, C.
9 (RLIN) 11049
700 1# - PUNTO DE ACCESO ADICIONAL--NOMBRE DE PERSONA
Nombre de persona Quesada Brandi, Manuel
9 (RLIN) 28265
700 1# - PUNTO DE ACCESO ADICIONAL--NOMBRE DE PERSONA
Nombre de persona Valle-Arizpe, Artemio de
Fechas asociadas al nombre 1888-1961
Término indicativo de función/relación pról.
9 (RLIN) 2476
902 ## - CATALOGADOR
Iniciales GRL
942 ## - ELEMENTOS DE PUNTO DE ACCESO ADICIONAL (KOHA)
Fuente del sistema de clasificación o colocación Library of Congress Classification
Tipo de ítem Koha Libros
Holdings
Estado de retiro Estado de pérdida Estado dañado No para préstamo Localización permanente Ubicación/localización actual Fecha de adquisición Número de inventario Total de préstamos Signatura topográfica completa Código de barras Fecha visto por última vez Precio válido a partir de Tipo de ítem Koha
El ejemplar forma parte de la colección y puede ser consultado según las políticas vigentes.       Biblioteca Centro de Estudios Ruth D. Lechuga Biblioteca Centro de Estudios Ruth D. Lechuga 19/08/2015 Au1030   F1386 .M49 1961 (Au1030) GRL02141 22/03/2019 22/03/2019 Libros